000 00597nam a2200181 i 4500
001 142086
003 ES-MaACL
005 20260318063016.0
007 t|
008 071002s1943 sp ||||1| spa d
100 1 _aWalpole, Horace,
_d1717-1797
_9242915
245 1 3 _aLa época de los tres Jorges a través de la correspondencia /
_cde Horace Walpole ; [traducción y notas de Pedro Elías].
260 _a[Barcelona :
_bs.n.],
_c1943.
300 _a162 p., 4 lám. ;
_c20 cm.
700 1 _aElías, Pedro.
_946971
852 _aES-MaACL
_jF-16111
_bR.20819
999 _c142086
_d142086